000 00663nam a2200289Ia 4500
005 20260324134932.0
008 008 260324s9999 xx 000 0 eng d
020 _a9781032681375
037 _aEBOOK
040 _aCRL
040 _beng
040 _cCRL
041 _2eng
041 _aeng
084 _qCRL
100 _aTony Stead
_91188268
245 0 _aIs That a Fact?
245 0 _bTeaching Nonfiction Writing, K-3
260 _bTaylor and Francis
260 _c2001
365 _a
365 _b135
856 _uhttp://www.taylorfrancis.com/books/9781032681375
942 _cEBOOK
999 _c1799291
_d1799291